<?xml version="1.0" encoding="UTF-8"?>
<record
    xmlns:xsi="http://www.w3.org/2001/XMLSchema-instance"
    xsi:schemaLocation="http://www.loc.gov/MARC21/slim http://www.loc.gov/standards/marcxml/schema/MARC21slim.xsd"
    xmlns="http://www.loc.gov/MARC21/slim">

  <leader>00984nam a22002537a 4500</leader>
  <controlfield tag="005">20170123164148.0</controlfield>
  <datafield tag="010" ind1=" " ind2=" ">
    <subfield code="a">A-935122</subfield>
  </datafield>
  <datafield tag="020" ind1=" " ind2=" ">
    <subfield code="c">125.00</subfield>
  </datafield>
  <datafield tag="035" ind1=" " ind2=" ">
    <subfield code="a">A-935122</subfield>
  </datafield>
  <datafield tag="037" ind1=" " ind2=" ">
    <subfield code="b">Cen Lib/Ret</subfield>
  </datafield>
  <datafield tag="040" ind1=" " ind2=" ">
    <subfield code="a">DPL</subfield>
    <subfield code="b">PN</subfield>
  </datafield>
  <datafield tag="082" ind1=" " ind2=" ">
    <subfield code="a">&#xA13; </subfield>
    <subfield code="b">&#xA35;&#xA3F;&#xA30;&#xA26;&#xA40;</subfield>
  </datafield>
  <datafield tag="100" ind1=" " ind2=" ">
    <subfield code="a">&#xA35;&#xA3F;&#xA30;&#xA26;&#xA40;, &#xA1C;&#xA38;&#xA35;&#xA70;&#xA24; &#xA38;&#xA3F;&#xA70;&#xA18;  </subfield>
    <subfield code="9">4285</subfield>
  </datafield>
  <datafield tag="245" ind1=" " ind2=" ">
    <subfield code="a">&#xA16;&#xA41;&#xA71;&#xA32;&#xA40; &#xA39;&#xA35;&#xA3E;  :</subfield>
    <subfield code="c">&#xA1C;&#xA38;&#xA35;&#xA70;&#xA24; &#xA38;&#xA3F;&#xA70;&#xA18; &#xA35;&#xA3F;&#xA30;&#xA26;&#xA40;</subfield>
    <subfield code="b">&#xA15;&#xA39;&#xA3E;&#xA28;&#xA40; &#xA38;&#xA70;&#xA17;&#xA4D;&#xA30;&#xA39;&#xA3F; /</subfield>
  </datafield>
  <datafield tag="246" ind1=" " ind2=" ">
    <subfield code="a">Khulli hawa : short stories </subfield>
    <subfield code="b">by Jaswant Singh Virdi </subfield>
  </datafield>
  <datafield tag="260" ind1=" " ind2=" ">
    <subfield code="a">&#xA26;&#xA3F;&#xA71;&#xA32;&#xA40; </subfield>
    <subfield code="b">&#xA2E;&#xA28;&#xA2A;&#xA4D;&#xA30;&#xA40;&#xA24; &#xA2A;&#xA4D;&#xA30;&#xA15;&#xA3E;&#xA38;&#xA3C;&#xA28; </subfield>
    <subfield code="c">1999</subfield>
  </datafield>
  <datafield tag="270" ind1=" " ind2=" ">
    <subfield code="a">16/16 (1st floor) &#xA17;&#xA40;&#xA24;&#xA3E; &#xA15;&#xA3E;&#xA32;&#xA4B;&#xA28;&#xA40; </subfield>
    <subfield code="b">&#xA26;&#xA3F;&#xA71;&#xA32;&#xA40; </subfield>
  </datafield>
  <datafield tag="300" ind1=" " ind2=" ">
    <subfield code="a">131p ; </subfield>
    <subfield code="c">20cm</subfield>
  </datafield>
  <datafield tag="650" ind1=" " ind2=" ">
    <subfield code="a">&#xA2A;&#xA70;&#xA1C;&#xA3E;&#xA2C;&#xA40; &#xA15;&#xA39;&#xA3E;&#xA23;&#xA40;&#xA06;</subfield>
    <subfield code="9">124185</subfield>
  </datafield>
  <datafield tag="650" ind1=" " ind2=" ">
    <subfield code="a">&#xA38;&#xA3E;&#xA39;&#xA3F;&#xA24; -- &#xA2A;&#xA70;&#xA1C;&#xA3E;&#xA2C;&#xA40; </subfield>
    <subfield code="9">124186</subfield>
  </datafield>
  <datafield tag="650" ind1=" " ind2=" ">
    <subfield code="a">Punjabi - literature</subfield>
    <subfield code="9">781</subfield>
  </datafield>
  <datafield tag="650" ind1=" " ind2=" ">
    <subfield code="a">Punjabi -- story</subfield>
    <subfield code="9">124187</subfield>
  </datafield>
  <datafield tag="942" ind1=" " ind2=" ">
    <subfield code="2">ddc</subfield>
    <subfield code="c">PN</subfield>
    <subfield code="h">&#xA15; </subfield>
    <subfield code="m">&#xA35;&#xA3F;&#xA30;&#xA26;&#xA40;</subfield>
  </datafield>
  <datafield tag="999" ind1=" " ind2=" ">
    <subfield code="c">110166</subfield>
    <subfield code="d">110166</subfield>
  </datafield>
  <datafield tag="952" ind1=" " ind2=" ">
    <subfield code="0">0</subfield>
    <subfield code="1">0</subfield>
    <subfield code="4">0</subfield>
    <subfield code="7">0</subfield>
    <subfield code="a">L</subfield>
    <subfield code="b">L</subfield>
    <subfield code="d">2016-01-15</subfield>
    <subfield code="e">Cen Lib/Ret</subfield>
    <subfield code="g">125.00</subfield>
    <subfield code="l">1</subfield>
    <subfield code="o">&#xA13;  &#xA35;&#xA3F;&#xA30;&#xA26;&#xA40;</subfield>
    <subfield code="p">A-935122</subfield>
    <subfield code="r">2019-06-14 00:00:00</subfield>
    <subfield code="s">2019-05-29</subfield>
    <subfield code="t">1</subfield>
    <subfield code="v">125.00</subfield>
    <subfield code="w">2016-01-15</subfield>
    <subfield code="y">PN</subfield>
  </datafield>
</record>
